Introduction to the practice of statistics /

Gespeichert in:
Bibliographische Detailangaben
1. Verfasser: Moore, David S.
Format: Buch
Sprache:English
Veröffentlicht: New York : W.H. Freeman, 1998
Ausgabe:3rd edition
Schlagworte:
Tags: Tag hinzufügen
Keine Tags, Fügen Sie den ersten Tag hinzu!
Thư viện lưu trữ: Mạng thư viện Đại học Đà Nẵng
LEADER 00867cam a2200337 i 4500
001 000046044
003 5311
005 20021115061205.0
008 010220|1998 vm 000 eng
020 |a 0716735024 (hbk.) 
040 |a IRC  |c IRC  |d IRC 
041 0 |a eng 
082 1 4 |a 519.5  |b MO-D 
100 1 |a Moore, David S. 
245 0 0 |a Introduction to the practice of statistics /  |c David S. Moore 
250 |a 3rd edition 
260 |a New York :  |b W.H. Freeman,  |c 1998 
300 |a 1v. (various pagings) :  |b col. ill. 
630 0 4 |a Mathematical statistics 
650 0 4 |a Mathematical statistics 
OWN |a DUT 
049 0 0 |a admin 
999 |a From the UDN01 
TYP |a Monograph 
TYP |a Printed language 
980 |a Mạng thư viện Đại học Đà Nẵng